Complete book of insults,boats,and riddles

Bibliographic Details
Format: Book

MARC

LEADER 00000cam a2200000 7i4500
001 0000008988
002 000009789
005 20000330.0
020 |a 0131574795 
090 0 0 |a 817.54   |b ROY 
245 1 0 |a Complete book of insults,boats,and riddles 
999 |a 017307   |b BUKU   |c PINJAMAN   |e PERPUSTAKAAN KOMUNITI PETALING JAYA